Welcome to CU Library Online Public Access Catalogue (OPAC)

Web style guide : (Record no. 8230)

MARC details
000 -LEADER
fixed length control field 00775cam a2200229 a 4500
001 - CONTROL NUMBER
control field 4982053
005 - DATE AND TIME OF LATEST TRANSACTION
control field 20251111193202.0
008 - FIXED-LENGTH DATA ELEMENTS--GENERAL INFORMATION
fixed length control field 980922s1999 ctua b 001 0 eng
020 ## - INTERNATIONAL STANDARD BOOK NUMBER
International Standard Book Number 0300076746
Qualifying information cloth : acid-free paper
020 ## - INTERNATIONAL STANDARD BOOK NUMBER
International Standard Book Number 0300076754
Qualifying information paper
020 ## - INTERNATIONAL STANDARD BOOK NUMBER
International Standard Book Number 9780300076745
Qualifying information (cloth : acid-free paper)
020 ## - INTERNATIONAL STANDARD BOOK NUMBER
International Standard Book Number 9780300076752
Qualifying information (paper)
050 00 - LIBRARY OF CONGRESS CALL NUMBER
Classification number TK5105.888
Item number .L96 1999
082 00 - DEWEY DECIMAL CLASSIFICATION NUMBER
Classification number 005.7/2
Edition information 21
100 1# - MAIN ENTRY--PERSONAL NAME
Personal name Lynch, Patrick J.,
Dates associated with a name 1953-
245 10 - TITLE STATEMENT
Title Web style guide :
Remainder of title basic design principles for creating web sites /
Statement of responsibility, etc. Patrick J. Lynch, Sarah Horton.
260 ## - PUBLICATION, DISTRIBUTION, ETC.
Place of publication, distribution, etc. New Haven [Conn.] :
Name of publisher, distributor, etc. Yale University Press,
Date of publication, distribution, etc. c1999.
300 ## - PHYSICAL DESCRIPTION
Extent x, 164 p. :
Other physical details ill. ;
Dimensions 26 cm.
650 #0 - SUBJECT ADDED ENTRY--TOPICAL TERM
Topical term or geographic name entry element Web sites
General subdivision Design.
700 1# - ADDED ENTRY--PERSONAL NAME
Personal name Horton, Sarah,
Dates associated with a name 1962-
942 ## - ADDED ENTRY ELEMENTS (KOHA)
Source of classification or shelving scheme Library of Congress Classification
Koha item type Books
Suppress in OPAC No
999 ## -
-- 8230
-- 8230
Holdings
Withdrawn status Lost status Source of classification or shelving scheme Damaged status Not for loan Collection Home library Current library Shelving location Date acquired Total checkouts Full call number Barcode Date last seen Copy number Price effective from Koha item type
    Library of Congress Classification     Non-fiction Science Library (Miotso) Science Library (Miotso) General stacks 11/11/2025   TK5105.888 .L96 LYN SLM00005790 11/11/2025 1 11/11/2025 Books
    Library of Congress Classification     Non-fiction Science Library (Miotso) Science Library (Miotso) General stacks 11/11/2025   TK5105.888 .L96 LYN SLM00005791 11/11/2025 2 11/11/2025 Books
    Library of Congress Classification     Non-fiction Science Library (Miotso) Science Library (Miotso) General stacks 11/11/2025   TK5105.888 .L96 LYN SLM00005792 11/11/2025 3 11/11/2025 Books
© 2023-2024 Copyright: Central University Libraries. All Rights Reserved | Created by: Mahone Tech Office